Consequences of Low Financial Literacy of the Population in Slovakia

Článok je spracovaný na tému dôsledkov nízkej finančnej gramotnosti obyvateľstva na Slovensku. Cieľom príspevku je poskytnúť pohľad na mikroekonomické súvislosti medzi nižšou finančnou gramotnosťou slovenskej populácie a rastúcou zadlženosťou domácností na slovenskom finančnom trhu. V tomto príspevk...

Description complète

Enregistré dans:
Détails bibliographiques
Auteur principal: Novák, Marcel, 1979-
Autres auteurs: Kušnírová, Jana, 1977-
Format: Chapitre de livre
Langue:anglais
Sujets:
Tags: Ajouter un tag
Pas de tags, Soyez le premier à ajouter un tag!

MARC

LEADER 00000naa$a2200000$$$4500
001 0299263
005 20240806132031.1
041 0 |a eng 
044 |a CZ 
245 1 0 |a Consequences of Low Financial Literacy of the Population in Slovakia  |c Marcel Novák, Jana Kušnírová 
520 |a Článok je spracovaný na tému dôsledkov nízkej finančnej gramotnosti obyvateľstva na Slovensku. Cieľom príspevku je poskytnúť pohľad na mikroekonomické súvislosti medzi nižšou finančnou gramotnosťou slovenskej populácie a rastúcou zadlženosťou domácností na slovenskom finančnom trhu. V tomto príspevku budem analyzovať príčiny a dôsledky zadlžovania slovenských domácností na základe môjho osobného dotazníkového prieskumu. Výsledky naznačujú existenciu pozitívnej korelácie medzi finančnou gramotnosťou a úrovňou ukončeného vzdelania. Jednotlivci bez akejkoľvek formy dlhu sú finančne gramotnejší. Ak jednotlivci nedokážu míňať svoje peniaze efektívne a míňajú ich neuvážene, môže to viesť k ich dlhu. 
610 2 0 |a gramotnosť finančná 
610 2 0 |a obyvateľstvo 
610 2 0 |a domácnosti 
610 2 0 |a zadlženosť 
610 2 0 |a vzdelanie 
610 2 0 |a Slovensko 
610 2 0 |a mikroekonomika 
100 1 |a Novák, Marcel, 1979- 
700 1 |a Kušnírová, Jana, 1977-